000 00918cam a2200265 a 4500
001 000012449
005 20200929163026.0
008 761029s1976 ilua 001 0 eng
020 _a0256018782
035 _a(DLC) 76008141
040 _aDO-SdBNP
_cDLC
_dBNPHU
050 0 0 _aKF1215
_b.D6 1976
082 _a346.73/0865014
_a347.306865014
_b19
_bD676c, 1976
100 1 _aDonaldson, James H.,
_d1906-
_929173
245 1 0 _aCasualty claim practice /
_cJames H. Donaldson ; editor, Davis W. Gregg.
250 _a3a ed.
260 _aHomewood, Illinois :
_bRichard D. Irwin,
_c1976.
300 _axxiii, 968 p. :
_bil. ;
_c24 cm.
490 1 _aInsurance and economic security
650 0 _aCasualty insurance claims
_zUnited States.
_929174
700 1 _aGregg, Davis W.,
_eed.
_929175
830 0 _aIrwin series in insurance and economic security.
_929176
910 _aCatalogación por copia / LC
049 _aBNGR
999 _c12106
_d12106